Μελέτη του ευτροφισμού με χρήση μαθηματικών μοντέλων προσομοίωσης : η δυναμική του συστήματος οργανική ύλη - βακτήρια - φυτοπλαγκτό σε εργαστηριακές καλλιέργειες : πτυχιακή εργασία
Αποθηκεύτηκε σε:
| Κύριος συγγραφέας: | |
|---|---|
| Συγγραφή απο Οργανισμό/Αρχή: | |
| Άλλοι συγγραφείς: | , |
| Μορφή: | Thesis Βιβλίο |
| Γλώσσα: | Greek |
| Δημοσίευση: |
Μυτιλήνη :
Πανεπιστήμιο Αιγαίου, Τμήμα Περιβάλλοντος,
1993
|
| Θέματα: | |
| Διαθέσιμο Online: | http://hdl.handle.net/11610/9824 |
| Ετικέτες: |
Προσθήκη ετικέτας
Δεν υπάρχουν, Καταχωρήστε ετικέτα πρώτοι!
|
MARC
| LEADER | 00000cam a2200000 i 4500 | ||
|---|---|---|---|
| 001 | 1/4208 | ||
| 008 | 000525s1993 gre d | ||
| 035 | |l 10061074 | ||
| 040 | |a GR-MY-UA |b gre |e aacr | ||
| 041 | 0 | |a gre | |
| 082 | 0 | |a 577.63158 |2 (22) | |
| 100 | 1 | |a Δρακοπούλου, Παρασκευή. | |
| 245 | 1 | 0 | |a Μελέτη του ευτροφισμού με χρήση μαθηματικών μοντέλων προσομοίωσης : |b η δυναμική του συστήματος οργανική ύλη - βακτήρια - φυτοπλαγκτό σε εργαστηριακές καλλιέργειες : πτυχιακή εργασία / |c Δρακοπούλου Παρασκευή ; επιβλέποντες: Μ. Καρύδης; Γ. Τσίρτσης |
| 260 | |a Μυτιλήνη : |b Πανεπιστήμιο Αιγαίου, Τμήμα Περιβάλλοντος, |c 1993 | ||
| 300 | |a 116 σ.; |b πιν., σχ.; |c 30 εκ. | ||
| 500 | |a Μέλη εξεταστικής επιτροπής: Αγγελίδης Μιχάλης, Καρύδης Μιχάλης, Χατζόπουλος Ιωάννης | ||
| 502 | |a Πτυχιακή εργασία – Πανεπιστήμιο Αιγαίου, Λέσβος, 1993. | ||
| 504 | |a Περιέχει βιβλιγραφία | ||
| 650 | 0 | 0 | |a Marine eutrophication |x Research. |
| 650 | 0 | 0 | |a Eutrophication |x Research. |
| 650 | 0 | 0 | |a Dissertations, Academic |z Greece. |
| 700 | 1 | |a Καρύδης, Μιχάλης. |4 ths | |
| 700 | 1 | |a Τσιρτσής, Γεώργιος Ε. | |
| 710 | 2 | |a Πανεπιστήμιο Αιγαίου. |b Σχολή Περιβάλλοντος. |b Τμήμα Περιβάλλοντος. | |
| 852 | |a INST |b LESVOS |c DIATR |e 20000525 |h 105 |p 005100026256 |q 005100026256 |t DIE |y 23 | ||
| 852 | |a INST |b LESVOS |c DIATR |e 20000525 |h 106 |p 005100026257 |q 005100026257 |t DIE |y 23 | ||
| 856 | |u http://hdl.handle.net/11610/9824 | ||
| 901 | |a BIBL1-2000-2 | ||
| 909 | |a Λ |b 078931 | ||
| 909 | |a Λ |b 078932 | ||
| 924 | |a ΔΡΑΚΟΠΟΥΛΟΥ |b ΠΑΡΑΣΚΕΥΗ |y ΛΕΣΒΟΣ |z 1994-03 | ||
| 970 | |a ΑΙΒΑΤΖΙΔΟΥ |b ΕΛΕΝΗ |z 2000/05/25 | ||